000 00651nam a2200253Ia 4500
003 OSt
005 20220918230724.0
006 a|||||r|||| 00| 0
007 ta
008 220917b |||||||| |||| 00| 0 eng d
024 _a257,575
037 _cTextual
040 _aARTS
_cARTS
_beng
041 _2eng
_aeng
082 _aZ6:88, K2;2
100 _aAllott A N Ed.
_9153100
245 0 _aJudicial and legal systems in Africa
250 _a2nd
260 _aLondon
_bButterworths
_c1970
300 _av,297p.
_ccm.
650 _aLAW
_97240
942 _hZ6:88, K2;2
_cTEXL
_2CC
999 _c288754
_d288754